| 000 | 00322nam a22001217a 4500 | ||
|---|---|---|---|
| 020 | _a9788170358053 | ||
| 082 |
_a621.0425 _bDHU/EN |
||
| 100 |
_aDhungel, Suresh Kumar _aKrishnakumar, G _9188 |
||
| 245 | _aEnergy Audit for Professionals | ||
| 260 |
_aNew Delhi _bDaya Publishing House _c2013 |
||
| 300 | _a157 | ||
| 942 | _cBK | ||
| 999 |
_c14158 _d14158 |
||